Haz clic en los estados australianos por su bandera en un mapa - Estadísticas

Estadísticas generales
  • Esta prueba ha sido intentada 30 veces
  • La puntuación promedio es 3 de 8
Respuestas en el mapa
Las respuestas están codificadas por una escala verde-roja en el mapa de la prueba según el % correcto abajo.
 
Estadísticas de respuestas
Respuesta % Correcto
73%
45%
45%
45%
36%
36%
27%
18%
No se encontraron pruebas coincidentes
Distribución de puntuación
Porcentaje de gente con cada puntuación
Porcentaje por número respondido
Historial de tus puntuaciones
No has intentado esta prueba.